| 000 | 01155nam a22001337a 4500 | ||
|---|---|---|---|
| 999 |
_c531610 _d531610 |
||
| 008 | 250918b ||||| |||| 00| 0 eng d | ||
| 100 |
_aGupta, Namita and Kaur, Jaswinder _956844 |
||
| 245 | _a Crop residue burning and its impact on achieving SDG 3 in India | ||
| 260 | _aIndian Institute of Public Administration Digest | ||
| 300 | _a6(3), Jul-Sep, 2024: p.20-23 | ||
| 520 | _a Healthcare is one of the most important factors that directly impac the quality of quality of life and human development status of any economy. Sustainable development goal 3 of 2030 agenda is to “ensure healthily live sand promoting well being for all at all ages”. It recalls that human beings are entitled to a healthy and productive life in harmony with nature. This also simplicity emphasizes upon sustainable agriculture to ensure food security, without compromising on the ecosystem. This becomes significant in India as agriculture with it allied sectors, is the largest source o livelihoods with 60 -65 percent of rural population depending on agriculture. –Reproduced | ||
| 773 | _aIndian Institute of Public Administration Digest | ||
| 942 | _cAR | ||